|
|
|
|
| LEADER |
00000naa a2200000uu 4500 |
| 001 |
vtls011080675 |
| 003 |
SK-MaSNL |
| 005 |
20260302112253.0 |
| 008 |
210905|1995 xo |||||||||||||||||slo| |
| 015 |
|
|
|a SNBRA
|
| 035 |
|
|
|a (urnnbn)urn:nbn:sk:snk:ar-a0ci8j
|
| 035 |
|
|
|a (uuid)583410ad-c2a6-4839-88a9-6d696f361c20
|
| 035 |
|
|
|a urn:nbn:sk:snk-aavo8p
|
| 040 |
|
|
|a SNKBUCL
|b slo
|c SNKBUCL
|e AACR2
|
| 041 |
0 |
|
|a slo
|
| 044 |
|
|
|a xo
|c SK
|
| 100 |
1 |
|
|a Kiss, Štefan
|4 aut
|9 350099
|
| 245 |
1 |
0 |
|a ZABEZPEČOVANIE PLNENIA EMISNÝCH LIMITOV V ZÁVODE SNP a.s. ŽIAR NAD HRONOM
|c Štefan Kiss
|
| 773 |
0 |
|
|t Emisné limity - náročnosť a naliehavosť ich zabezpečenia
|d Bratislava : Dom techniky ZSVTS, 1995
|g S. 90-94
|z 8023303546
|
| 958 |
|
|
|a OND
|
| 958 |
|
|
|a article12
|
| 958 |
|
|
|a chapter
|
| 999 |
|
|
|c 1250921
|d 1252851
|